000 01563nam a2200361 i 4500
001 192745
003 SpMaBN
005 20240305140301.0
007 ta
008 230518s2009 sp a | |||| 000 0 spa
017 _aM 19593-2009
_bOficina Depósito Legal Madrid
020 _a9788495567505
035 _a(OCoLC)733626925
040 _aSpMaBN
_bspa
_cES-MaACL
_erda
080 _a73.036(460)(083.824)
080 _a75.036(460)(083.824)
110 2 _aAeropuertos Españoles y Navegación Aérea
_9193665
_eisb
245 1 0 _aPintura, escultura, AENA arte :
_bPalacio de Villavicencio, Jerez de la Frontera, del 7 de mayo al 21 de junio de 2009, salas de exposiciones del Palacio de Villavicencio /
_c[exposición organizada por] Ministerio de Fomento, AENA, Fundación AENA, Ayuntamiento de Jerez
264 _a[Madrid] :
_bFundación Aena,
_c[2009]
300 _a110 páginas :
_bprincipalmente ilustraciones (color) ;
_c28 cm.
336 _2rdacontent
_aTexto
337 _2rdamedia
_asin mediación
338 _2rdacarrier
_avolumen
610 2 0 _aAeropuertos Españoles y Navegación Aérea-
_xColecciones de arte-
_vExposiciones
_9193666
650 4 _aEscultura española-
_yS.XX-
_vExposiciones
_912438
650 4 _aPintura española-
_yS.XX-
_vExposiciones
_916043
655 7 _9193628
_aCatálogos de exposiciones
710 2 _aFundación Aena
_eedt
_9147763
852 _aES-MaACL
_bR.151942
_cDEPOJ
_hDonación: Editorial
_jN-8375
_9200039
942 _n0
_cMONOGRAFIA
999 _c192745
_d192745